000 00294nam a22001337a 4500
008 180312b xxu||||| |||| 00| 0 eng d
020 _a9781576753866
041 _aeng
080 _a33
100 _a57
101 _aBIZ
245 _aThe small-mart revolution
_cShuman,M.H
942 _2udc
_cBK
999 _c44711
_d44711